Incorporate! : (Record no. 357303)
[ view plain ]
| 000 -LEADER | |
|---|---|
| fixed length control field | 00598nam a2200217Ia 4500 |
| 008 - FIXED-LENGTH DATA ELEMENTS--GENERAL INFORMATION | |
| fixed length control field | 180523s9999 xx 000 0 und d |
| 020 ## - INTERNATIONAL STANDARD BOOK NUMBER | |
| International Standard Book Number | 0-07-140923-1 |
| 050 ## - LIBRARY OF CONGRESS CALL NUMBER | |
| Classification number | MAIN KF 1420.Z9 |
| 050 ## - LIBRARY OF CONGRESS CALL NUMBER | |
| Item number | .N38 2003 |
| 100 ## - MAIN ENTRY--PERSONAL NAME | |
| Personal name | Nathan, Karen B. |
| 245 #0 - TITLE STATEMENT | |
| Title | Incorporate! : |
| 245 #3 - TITLE STATEMENT | |
| Remainder of title | an easy step-by-step plan for entrepreneurs / |
| 245 #0 - TITLE STATEMENT | |
| Statement of responsibility, etc | Karen B. Nathan, Alice H. Magos. |
| 260 ## - PUBLICATION, DISTRIBUTION, ETC. (IMPRINT) | |
| Place of publication, distribution, etc | New York : |
| 260 ## - PUBLICATION, DISTRIBUTION, ETC. (IMPRINT) | |
| Name of publisher, distributor, etc | McGraw-Hill, |
| 260 ## - PUBLICATION, DISTRIBUTION, ETC. (IMPRINT) | |
| Date of publication, distribution, etc | 2003 |
| 300 ## - PHYSICAL DESCRIPTION | |
| Extent | 275 pages : |
| 300 ## - PHYSICAL DESCRIPTION | |
| Dimensions | 23 cm. |
| 500 ## - GENERAL NOTE | |
| General note | Includes index. |
| 650 ## - SUBJECT ADDED ENTRY--TOPICAL TERM | |
| Topical term or geographic name as entry element | Incorporation -- United States -- Popular works. |
| Withdrawn status | Lost status | Damaged status | Home library | Current library | Shelving location | Date acquired | Total Checkouts | Full call number | Barcode | Date last seen | Price effective from | Koha item type |
|---|---|---|---|---|---|---|---|---|---|---|---|---|
| South Mansfield College | South Mansfield College | 02/08/2006 | MAIN KF 1420.Z9 .N38 2003 | SMC03030 | 05/23/2018 | 05/23/2018 |